00579nam a22001457a 4500082001500000100003800015245011100053260004000164300001000204563000700214650003500221942001200256999001900268952014600287 a910.4bMAN aDr. Muhammad Mushtaq Ahmad Mangat aPhir chala musafir: Nepal, Germany, Rome, Iran, Myanmar, Qatar ke SafarcDr. Muhammad Mushtaq Ahmad Mangat aLahore:bAasim Publications;c2023. a151p. aHB aTravela Safar-nāmah9118568 2ddccBK c606775d606775 00102ddc3Donated 406910_400000000000000_MAN709629929aCLbCLd2023-10-26eDonationl0o910.4 MANpCL-D-2508r2024-07-23w2023-10-26yBK